| 000 | 00563cam a2200205 i 4500 | ||
|---|---|---|---|
| 001 | 1834702 | ||
| 003 | OSt | ||
| 005 | 20150313172739.0 | ||
| 008 | 800326s1958 mx af 000 0aspa | ||
| 010 | _a 80462829 | ||
| 040 | _cBMC | ||
| 043 | _as------ | ||
| 082 | _a980 | ||
| 100 | 1 |
_aArdón, Juan Ramón _932691 |
|
| 245 | 1 | 3 |
_aLa ruta de los cóndores _b: (estampas de viaje) _cJuan Ramón Ardón |
| 260 |
_aMéxico D.F. _bEditora Latino Americana _c1958 |
||
| 300 |
_a273 p. _bil. _c20 cm |
||
| 651 | 4 |
_aAmérica del Sur _9624 |
|
| 942 |
_2ddc _cBK _hahoj |
||
| 999 |
_c19558 _d19558 |
||